000 03506cam a2200433 i 4500
001 768714001
003 CO-MdFUSB
005 20210119092550.0
007 ta
008 180516t20182018ilu b 001 0 eng
010 _a2018022300
020 _a9780830851034
_q(library binding ;
_q(alkaline paper)
020 _a0830851038
_q(softcover ;
_qalkaline paper)
040 _aDLC
_beng
_erda
_cCO-MdFUSB
_dOCLCF
_dOCLCO
_dOCLCQ
_dYDX
_dOCLCO
_dDTM
_dICW
041 _aeng
042 _apcc
043 _af------
082 _223
_a276
_bG536
100 1 _aGitau, Wanjiru M.,
_d1977-
_eautor
245 1 0 _aMegachurch Christianity reconsidered :
_bmillennials and social change in African perspective
_c/ Wanjiru M. Gitau ; prólogo por Mark R. Shaw.
264 1 _aDowners Grove, IL :
_bInterVarsity Press,
_c[2018]
264 4 _c©2018.
300 _axiv, 188 páginas ;
_c23 cm.
336 _atexto
_btxt
_2rdacontent.
337 _asin mediación
_bn
_2rdamedia.
338 _avolumen
_bnc
_2rdacarrier.
490 1 _aMissiological engagements.
504 _aIncluye referencias bibliográficas e índices.
505 _aOscar Muriu: liderazgo audaz en una década liminal - ¿A dónde los millennials africanos? Encrucijada y puntos de estrangulamiento - Transformaciones misionales integrales: el maratón de Mavuno - Muriithi Wanjau: liderando el cambio - Impacto de la Iglesia de Mavuno: una influencia intrépida en la sociedad - Problemas del primer mundo que vale la pena resolver: la ambigüedad del cristianismo con la modernidad - Conclusión: lo cultural- proceso de traducción
520 _aPartiendo de un estudio de caso detrás de escena de la Capilla de Nairobi de Kenia y su "hija" Iglesia Mavuno, Wanjiru M. Gitau expande su historia en una narrativa que ofrece un análisis del surgimiento, crecimiento y lugar de las mega iglesias en todo el mundo en el nuevo milenio . En contextos experimentados como profundamente volátiles, y en un continente que se tambalea por la incoherencia estructural impuesta en la época colonial, las mega iglesias proporcionan un mapa de la realidad para navegar, con el evangelio como su brújula principal. Gitau muestra que reconocer la desestabilización psicológica, espiritual y social de las sociedades modernizadoras es el primer paso para valorar el lugar de las mega iglesias en el cristianismo contemporáneo. A través del análisis de la demografía social, la teología, la filosofía del ministerio, el desarrollo del liderazgo y la estrategia, Megachurch Christianity Reconsidered tiene un sentido integral de las fuerzas históricas y sociales que dan a las mega iglesias su oportunidad de crecimiento, y las reclama como un tema de conversación teológica seria. Esta atractiva cuenta se centra en el papel de los millennials para responder a la necesidad de "un hogar para las nuevas generaciones" en medio de las transiciones dislocadoras de la globalización y la posmodernidad en África poscolonial y en todo el mundo. Gitau reúne sabiduría práctica para las iglesias posdenominacionales en todas partes (mega y de otro modo) a partir de las lecciones aprendidas en el notable movimiento de renovación evangélica urbana de Kenia. - & # x2021; c De la descripción del editor.
563 _aRùstico
650 0 _94963
_aIglesia
_zÁfrica.
653 _aMegaiglesias.
830 0 _aMissiological engagements.
942 _cBK
945 _aJTF-925
999 _c66186
_d66186